[Event "Sharjah Master 2024"]
[Site "Shsrjah - Abu Dhabi"]
[Date "2024.05.17"]
[Round "?"]
[White "Dudin, Gleb"]
[Black "Dronavalli, Harika"]
[Result "1/2-1/2"]
[WhiteElo "2554"]
[BlackElo "2503"]
[PlyCount "51"]
[EventDate "2024.05.14"]
[EventCountry "UAE"]

1. d4 d5 2. c4 e6 3. Nf3 Nf6 4. g3 Be7 5. Bg2 O-O 6. O-O dxc4 7. Qc2 a6 8. a4 h6 9. Rd1 Nc6 10. Bf4 $146 ({RR} 10. e3 Nb4 11. Qxc4 b5 12. Qe2 Bb7 13. Nc3 Nbd5 14. axb5 axb5 15. Bd2 b4 16. Nxd5 Bxd5 17. Be1 Qb8 18. Nd2 Qb7 19. e4 Bc6 20. f3 Bb5 21. Qe3 Rxa1 22. Rxa1 Ra8 23. Rc1 Nd7 24. Bf2 e5 {Sasikiran,K (2586)-Matlakov,M (2662) chess.com INT 2024 ½-½ (43)}) ({RR} 10. e3 Nb4 11. Qxc4 b5 12. Qe2 Bb7 13. Nc3 Nbd5 14. Bd2 b4 15. Nxd5 Bxd5 16. Ne5 Bxg2 17. Kxg2 Qd5+ 18. f3 c5 19. e4 Qb7 20. dxc5 Bxc5 21. Rac1 Rac8 22. Nd3 Be7 23. b3 Nd7 24. Rxc8 Rxc8 {Lazavik,D (2566)-Matlakov,M (2662) chess.com INT 2024 1-0 (48)}) ({RR} 10. Qxc4 e5 11. Nc3 e4 12. Ne5 Be6 13. Nxc6 Bxc4 14. Nxd8 Raxd8 15. Bf4 c6 16. e3 g5 17. Be5 Ng4 18. Nxe4 f5 19. Nc3 Nxe5 20. dxe5 Bb3 21. Rxd8 Rxd8 22. Ne2 Bc5 23. Nd4 Bxd4 24. exd4 Rxd4 {Dominguez Pons,E (2327)-Alsina Leal,D (2495) Barcelona ESP 2024 0-1}) 10... Nd5 11. Qxc4 Nxf4 12. gxf4 Qd5 13. Nbd2 Qxc4 14. Nxc4 Rd8 15. a5 Rb8 16. e3 Bd7 17. Nfe5 Nxe5 18. Nxe5 Be8 19. Rdc1 Bd6 20. Nd3 Bb5 21. Nc5 c6 22. Bf1 Bxc5 23. Rxc5 Bxf1 24. Kxf1 Rd5 25. b4 g5 26. fxg5 1/2-1/2

[Event "Sharjah Master 2024"]
[Site "Shsrjah - Abu Dhabi"]
[Date "2024.05.17"]
[Round "?"]
[White "Assaubayeva, Bibisara"]
[Black "Yilmaz, Mustafa"]
[Result "1/2-1/2"]
[WhiteElo "2481"]
[BlackElo "2641"]
[PlyCount "109"]
[EventDate "2024.05.14"]
[EventCountry "UAE"]

1. Nf3 d5 2. e3 Nf6 3. c4 e6 4. b3 Bd6 5. Bb2 O-O 6. Nc3 Re8 ({RR} 6... b6 7. d4 Bb7 8. Qc2 a6 9. cxd5 exd5 10. Bd3 Nbd7 11. Ne2 Re8 12. Ng3 Ne4 13. Rc1 Bb4+ 14. Ke2 Rc8 15. Ne5 Bd6 16. Nxe4 dxe4 17. Bxe4 Bxe4 18. Qxe4 Bxe5 19. dxe5 Nc5 20. Qc4 Qg5 21. h4 {Erigaisi,A (2748)-Sarana,A (2699) chess.com INT 2024 ½-½ (77)}) 7. Be2 ({RR} 7. g4 Ne4 8. Qc2 Nxc3 9. Qxc3 e5 10. cxd5 Bxg4 11. e4 Qf6 12. Be2 Nd7 13. Rg1 Bh5 14. O-O-O c6 15. dxc6 Rac8 16. Kb1 Rxc6 17. Qe3 Bg6 18. Bb5 Bc5 19. Qe2 Rd6 20. d3 a6 21. Bxd7 Rxd7 {Dzida,K (2404)-Cieslak,P (2372) chess.com INT 2024 1-0 (33)}) 7... Nbd7 $146 ({RR} 7... dxc4 8. Bxc4 a6 9. Qc2 b5 10. Bd3 Bb7 11. Ne4 Nbd7 12. O-O h6 13. a4 b4 14. Nxf6+ Nxf6 15. Bxf6 gxf6 16. Be4 c6 17. Nd4 Rc8 18. Rac1 Re7 19. Bf3 Rd7 20. Rfd1 f5 21. Ne2 h5 22. g3 {Dimitrov,R (2499)-Gatineau,Y (2386) Arandjelovac SRB 2023 ½-½ (54)}) ({RR} 7... b6 8. cxd5 exd5 9. Nb5 Be7 10. Be5 Na6 11. Qc2 c5 12. O-O Bb7 13. d4 Ne4 14. Rfd1 Bf6 15. Qb2 Bxe5 16. Nxe5 Qf6 17. Bf3 Ng5 18. Bg4 Re7 19. Nc3 g6 20. Rac1 h5 21. Be2 Nc7 22. Qd2 {Bocharov,D (2518)-Van Foreest,J (2679) Samarkand UZB 2023 0-1 (51)}) 8. Qc2 a6 9. Rg1 b6 $6 {Inaccuracy. e5 was best.} (9... e5 10. Nxd5) 10. g4 Bb7 11. d3 Ne5 12. Nxe5 Bxe5 13. g5 Nd7 14. d4 Bxh2 15. Rg4 Bd6 16. O-O-O Nf8 17. f4 c5 18. dxc5 Bxc5 19. Kb1 Rc8 $4 {Blunder. Bxe3 was best.} (19... Bxe3 20. Bf3) 20. Bd3 $2 {Mistake. Ne4 was best.} (20. Ne4 Rc7) 20... Rc7 $4 {Blunder. Bxe3 was best.} (20... Bxe3 21. Bxh7+ Nxh7 22. Rh1 Nf8 23. Qh2 Ng6 24. Nxd5 Bxd5 25. Qh7+ Kf8 26. Qxg7+) 21. Qh2 Rd7 $6 {Inaccuracy. g6 was best.} (21... g6 22. Qh6 d4 23. Ne4 Bxe4 24. Bxe4 Rd7 25. b4 Bxb4 26. exd4 f5 27. gxf6) 22. Rh1 $4 {Blunder. Rh4 was best.} (22. Rh4 dxc4 23. Rxh7 Nxh7 24. Qxh7+ Kf8 25. Nd5 Bxd5 26. Bxg7+ Ke7 27. Bf6+ Kd6) 22... g6 23. Rh4 $6 {Inaccuracy. Qh6 was best.} (23. Qh6) 23... f5 24. gxf6 dxc4 25. Bc2 Bxe3 $2 {Mistake. Bxh1 was best.} (25... Bxh1 26. Qxh1 Qc7 27. Ne4 Rc8 28. Qe1 c3 29. Qxc3 Bb4 30. Qxc7 Rdxc7 31. Rh2) 26. Rd1 Qc7 27. Rxd7 Qxd7 28. bxc4 $4 {Blunder. Nd1 was best.} (28. Nd1 Bc5) 28... Bd4 29. f5 exf5 $6 {Inaccuracy. Bxf6 was best.} (29... Bxf6 30. fxg6 hxg6 31. Rg4 Qg7 32. Qg3 Be5 33. Qe3 a5 34. Nd1 Bxb2 35. Nxb2) 30. f7+ Kxf7 31. Rxh7+ Nxh7 32. Qxh7+ Bg7 33. Ne4 Kf8 34. Ba3+ Re7 35. Ng5 Be4 36. Nxe4 Qd4 37. Bxe7+ Kxe7 38. Kc1 fxe4 39. Qh4+ Kf8 40. Qxe4 Qg1+ 41. Kd2 Qf2+ 42. Kd3 Qf1+ 43. Kd2 Qf2+ 44. Kd3 a5 45. Qa8+ Ke7 46. Qe4+ Kf6 47. Qd4+ Qxd4+ 48. Kxd4 g5 49. Ke4 Ke6 50. Ba4 Be5 51. Kf3 Kd6 52. Bb5 Kc5 53. a4 Bf4 54. Kg4 Bd2 55. Kf3 1/2-1/2

[Event "Sharjah Master 2024"]
[Site "Shsrjah - Abu Dhabi"]
[Date "2024.05.17"]
[Round "?"]
[White "Cardoso Cardoso, Jose Gabriel"]
[Black "Klimkowski, Jan"]
[Result "1-0"]
[WhiteElo "2496"]
[BlackElo "2517"]
[PlyCount "227"]
[EventDate "2024.05.14"]
[EventCountry "UAE"]

1. e4 e5 2. Nf3 Nc6 3. Bb5 a6 4. Ba4 d6 5. O-O Nf6 6. Re1 Bd7 7. c3 g6 8. d4 Bg7 9. h3 O-O 10. Bc2 Re8 11. Nbd2 a5 12. Nf1 a4 13. a3 $6 {Inaccuracy. Ng3 was best.} (13. Ng3) 13... b5 14. Ng3 Na5 15. Rb1 c5 16. d5 $146 ({RR} 16. dxe5 dxe5 17. Nh2 Be6 18. Qf3 Ba2 19. Ra1 Bb3 20. Bxb3 Nxb3 21. Rb1 Ra6 22. Bg5 h6 23. Rbd1 Qc8 24. Bxf6 Rxf6 25. Qe2 Rb6 26. Ng4 Qe6 27. Ne3 h5 28. Nd5 Rb7 29. Qe3 Kh7 30. Nf1 Bh6 {Hakobyan,A (2617)-Salinas Herrera,P (2494) chess.com INT 2024 1-0 (52)}) 16... Qe7 17. Nh2 h5 18. Bg5 Qf8 19. Bd3 Nh7 20. Be3 Bh6 21. Qd2 Nb3 22. Qe2 c4 23. Bc2 Nc5 24. Nf3 Bf4 25. Qd2 Qh6 $6 {Inaccuracy. Bxe3 was best.} (25... Bxe3 26. Qxe3) 26. Bxf4 Qxf4 27. Qxf4 exf4 28. Ne2 Nxe4 29. Nxf4 Nc5 30. h4 Nf6 31. Nd4 Na6 32. f3 Nc7 33. Red1 Re5 34. Rd2 Rae8 35. Rbd1 Ncxd5 36. Nxd5 Rxd5 37. Kf2 Rde5 38. Bb1 d5 39. Rh1 Kf8 40. Bc2 R8e7 41. Bd1 $6 {Inaccuracy. Rdd1 was best.} (41. Rdd1 Ne8 42. Rde1 Nc7 43. Rxe5 Rxe5 44. Re1 Rxe1 45. Kxe1 Ke7 46. Kf2 Na6) 41... Ke8 42. Be2 Kd8 43. Rhd1 Kc7 44. Bf1 Kb6 45. Rc1 Re8 46. Nc2 Bc6 47. Rcd1 Bb7 48. Rd4 Nd7 49. Rf4 R8e7 50. Nb4 Nc5 51. g3 Nb3 $6 {Inaccuracy. f5 was best.} (51... f5 52. Rfd4 Rd7 53. Bg2 Nb3 54. Rf4 Rd8 55. Bf1 Rde8 56. Nc2 Bc6 57. Nb4) 52. Rf6+ R5e6 53. Rf4 Rd6 54. Nc2 $6 {Inaccuracy. g4 was best.} (54. g4 hxg4 55. fxg4 f6 56. h5 d4 57. cxd4 g5 58. Rf5 Re8 59. Bg2 Nxd4) 54... Nc5 55. Nd4 Bc8 56. Rd2 Bd7 57. Rd1 Kc7 58. Nc2 Bc6 59. Nd4 Ne6 $2 {Mistake. f6 was best.} (59... f6 60. Re1 Rh7 61. Be2 Kb6 62. Bf1 Rg7 63. Nc2 Nb3 64. Rd1 Re7 65. Bh3) 60. Rf6 $6 {Inaccuracy. Re1 was best.} (60. Re1) 60... Bd7 61. Nxe6+ Rdxe6 62. Rf4 Bc6 63. Rfd4 f6 64. R1d2 Re1 65. Rd1 Rxd1 66. Rxd1 g5 67. Be2 Kd6 68. Rd4 Kc5 69. Bd1 Be8 70. Bc2 Rg7 71. Bf5 Kd6 72. Bh3 Bg6 73. Bg2 Bf5 $6 {Inaccuracy. Bf7 was best.} (73... Bf7) 74. f4 Be6 75. Bf3 $2 {Mistake. hxg5 was best.} (75. hxg5) 75... Bf7 $4 {Blunder. g4 was best.} (75... g4 76. Be4 Bg8 77. Bg2 Kc5 78. Rd1 Rd7 79. Rd4 Bh7 80. Bf1 Be4 81. Be2) 76. Rd1 $4 {Blunder. fxg5 was best.} (76. fxg5 fxg5) 76... Rg8 $2 {Mistake. g4 was best.} (76... g4) 77. Rd2 $2 {Mistake. hxg5 was best.} (77. hxg5 fxg5) 77... Kc5 $2 {Mistake. g4 was best.} (77... g4) 78. Rd1 $4 {Blunder. hxg5 was best.} (78. hxg5 fxg5 79. fxg5 Rxg5 80. Rd4 Rf5 81. Ke3 Re5+ 82. Kf2 Rg5 83. Rh4 Rf5) 78... Re8 $2 {Mistake. g4 was best.} (78... g4) 79. Rd2 $2 {Mistake. hxg5 was best.} (79. hxg5 fxg5 80. fxg5 Re5 81. Rd4 Rxg5 82. Rh4 Rf5 83. Ke3 Kd6 84. Kf2 Ke7) 79... Kd6 $2 {Mistake. g4 was best.} (79... g4) 80. Rd1 $4 {Blunder. hxg5 was best.} (80. hxg5) 80... Rd8 $4 {Blunder. g4 was best.} (80... g4) 81. Rd2 $4 {Blunder. hxg5 was best.} (81. hxg5 fxg5) 81... Ke6 $2 {Mistake. g4 was best.} (81... g4 82. Be4 Kc5 83. Rd1 d4 84. Bh7 d3 85. Re1 Rh8 86. Be4 Rg8 87. Ke3) 82. Re2+ Kd6 83. Rd2 $2 {Mistake. fxg5 was best.} (83. fxg5 fxg5 84. hxg5 Rg8 85. Ke3 Rxg5 86. Kf4 Rg8 87. Rd2 Re8 88. Rd1 Re5) 83... gxf4 $2 {Mistake. g4 was best.} (83... g4) 84. gxf4 Ke6 85. Bg2 $2 {Mistake. Ke3 was best.} (85. Ke3 Bg6 86. Rd1 Rd7 87. Rd4 Bd3 88. Bxh5 f5 89. Bf3 Be4 90. Rd1 Rg7) 85... Bg6 $2 {Mistake. d4 was best.} (85... d4) 86. Bh3+ $6 {Inaccuracy. Ke3 was best.} (86. Ke3) 86... Ke7 87. Bg2 $6 {Inaccuracy. Rd1 was best.} (87. Rd1 Bd3) 87... Bd3 $6 {Inaccuracy. d4 was best.} (87... d4) 88. Bf3 d4 89. cxd4 Rxd4 $6 {Inaccuracy. Kd6 was best.} (89... Kd6 90. Bxh5 Rh8 91. Bf3 Rxh4 92. Ke3 Rh3 93. Rg2 f5 94. Rg6+ Ke7 95. Kf2) 90. Ke3 Rd8 91. Bc6 Rc8 92. Bf3 $6 {Inaccuracy. Bd5 was best.} (92. Bd5) 92... Rc5 $2 {Mistake. Bg6 was best.} (92... Bg6) 93. Rg2 Kd6 94. Rg8 $4 {Blunder. Kd4 was best.} (94. Kd4 Bf5 95. Kc3 Rc8 96. Bxh5 Rh8 97. Bg4 Bxg4 98. Rxg4 Kd5 99. Kb4 f5) 94... Ke7 $4 {Blunder. c3 was best.} (94... c3) 95. Kd4 Rf5 96. Ke3 Rc5 97. Kd4 Rf5 98. Ke3 Kd6 99. Rh8 Rc5 $4 {Blunder. b4 was best.} (99... b4 100. axb4 Rb5 101. Rxh5 Rxb4 102. Rd5+ Ke6 103. Ra5 Rxb2 104. Ra6+ Kf7 105. Rxa4) 100. Rxh5 Rxh5 $2 {Mistake. Rc8 was best.} (100... Rc8 101. Rxb5 Bf1 102. Rb6+ Ke7 103. Bg4 Rg8 104. Rb7+ Kd6 105. Bf3 Rg3 106. Kf2) 101. Bxh5 Bf5 102. Kd4 Ke7 103. Bf3 Bd3 104. Bc6 Be2 105. Kc3 Ke6 106. Bxb5 Kf5 107. Bxa4 Kxf4 108. Kd4 Kg4 109. Bc6 Kxh4 110. a4 Kg5 $6 {Inaccuracy. c3 was best.} (110... c3 111. bxc3 Ba6 112. a5 f5 113. Kc5 f4 114. Kb6 Be2 115. a6 f3 116. Bxf3) 111. a5 f5 112. Bb7 f4 113. a6 f3 114. Ke4 (114. Ke3) 1-0

[Event "Sharjah Master 2024"]
[Site "Shsrjah - Abu Dhabi"]
[Date "2024.05.17"]
[Round "4.44"]
[White "Suleymenov, Alisher"]
[Black "Samant Aditya S"]
[Result "1/2-1/2"]
[WhiteElo "2499"]
[BlackElo "2499"]
[PlyCount "34"]
[EventDate "2024.05.14"]
[EventCountry "UAE"]

{[%evp 0,34,18,20,22,-11,-11,-11,15,25,33,33,33,-29,26,5,36,2,31,14,26,16,26,5,12,-3,7,-3,8,1,54,-7,19,0,0,4,20]} 1. d4 Nf6 2. c4 e6 3. Nc3 Bb4 4. e3 O-O 5. Bd3 d5 6. cxd5 exd5 7. a3 Bd6 8. Qc2 c6 9. Nge2 Re8 10. Bd2 b6 11. f3 c5 12. g4 c4 13. Bf5 Bxf5 14. Qxf5 g6 15. Qg5 Nc6 16. Qh4 $146 ({RR} 16. O-O Bf8 17. Qh4 h6 18. Qf2 Qd7 19. Qg2 Bg7 20. Kh1 b5 21. Rad1 Rab8 22. g5 hxg5 23. e4 dxe4 24. fxe4 Qg4 25. Qxg4 Nxg4 26. Bxg5 Bh6 27. Bxh6 Nxh6 28. Nd5 Kg7 29. Nec3 b4 30. axb4 Nxb4 {Deuer,M (2453)-Martinovic,S (2542) Austria AUT 2024 ½-½ (31)}) ({RR} 16. O-O b5 17. Nf4 Bxf4 18. Qxf4 b4 19. Nb5 bxa3 20. Rxa3 Rb8 21. Nxa7 Nxa7 22. Rxa7 Rxb2 23. Bc3 Rb3 24. Ba5 Qb8 25. Rc7 Ra3 26. g5 Re6 27. Bd2 Ra2 28. Rf2 c3 29. Bxc3 Rxf2 30. Kxf2 Qb1 {Balakrishnan,P (2500)-Pranav,V (2604) Ciutadella de Menorca ESP 2024 ½-½}) 16... Be7 17. Qf2 b5 1/2-1/2

[Event "Sharjah Master 2024"]
[Site "Shsrjah - Abu Dhabi"]
[Date "2024.05.18"]
[Round "5.1"]
[White "Aravindh, Chithambaram VR."]
[Black "Salem, A.R. Saleh"]
[Result "1-0"]
[WhiteElo "2670"]
[BlackElo "2629"]
[PlyCount "95"]
[EventDate "2024.05.14"]
[EventCountry "UAE"]

{[%evp 15,95,32,39,36,42,38,47,35,40,45,47,56,80,72,109,69,84,81,82,83,85,83,82,85,97,109,108,129,162,139,124,139,133,30,23,19,45,0,0,0,0,0,0,0,233,231,231,233,234,237,266,259,257,252,242,244,235,248,276,266,345,326,340,331,332,316,297,317,366,369,365,349,352,355,431,436,449,443,445,426,440,441]} 1. d4 Nf6 2. Nf3 g6 3. g3 Bg7 4. Bg2 O-O 5. O-O d6 6. c4 Nc6 7. Nc3 e5 8. d5 Nb8 9. c5 Na6 10. cxd6 cxd6 11. Nd2 {White is slightly better.} Ne8 $146 ({RR} 11... Bd7 12. b3 ({White should try} 12. a4 $14) 12... b5 (12... e4 $1 $15 {[%mdl 512]} 13. Rb1 (13. Ncxe4 Nxe4) 13... e3) 13. Bb2 Qe7 14. a3 Rfc8 15. b4 e4 16. e3 Ng4 $1 17. Rc1 f5 18. Qb3 Ne5 ({Black should play} 18... Nc7 $17) 19. Ne2 Rxc1 20. Nxc1 Rc8 21. Ne2 Nc7 22. Bd4 Qf7 23. Bxa7 Nxd5 24. Bd4 Be6 25. Qd1 g5 26. f3 {Gagunashvili,M (2562)-Kiladze,L (2179) Tbilisi GEO 2024 1-0 (83)}) ({RR} 11... Bd7 12. a4 Ne8 13. Qb3 Qc8 14. Qa3 Qc5 15. Qxc5 Nxc5 16. e4 Rc8 17. Ra3 Nd3 18. Ne2 Nxc1 19. Rxc1 Rxc1+ 20. Nxc1 Bh6 21. Ncb3 f5 22. Nc4 Rf7 23. Nba5 Bc8 $1 24. f3 Rc7 25. b4 Kf8 26. Bf1 {Konopka,M (2346)-Michalek,J (2258) Czech Republic CZE 2024 ½-½}) 12. Nc4 f5 13. a4 g5 14. Be3 Nac7 15. Qb3 Rf7 16. Nb5 b6 17. Bxg5 Qxg5 18. Nbxd6 Nxd6 19. Nxd6 Qf6 20. Nxf7 Qxf7 21. a5 Rb8 22. Rfc1 {Hoping for Rxc7!} (22. Rfd1 {22.axb6 1.67}) 22... e4 23. axb6 axb6 24. Qc2 $6 {Inaccuracy. Ra7 was best.} (24. Ra7 Qxd5 25. Qc2 $1 {[%cal Rc2c7]} Ne6 26. e3 $1 Bb7 27. Rd1 Qc6 28. Qxc6 Bxc6 29. Bh3 Ng5 (29... Rd8 $142 30. Rxd8+ Nxd8)) (24. Ra7 $16 Qxd5 25. Qa3) 24... Be5 $1 $11 ({Much weaker is} 24... Nxd5 $6 25. Qxc8+ Rxc8 26. Rxc8+ Bf8 27. Raa8 $16) 25. Ra7 {[%cal Ra7c7]} Bb7 26. e3 Nb5 27. Ra4 Bxd5 {Strongly threatening ...Bb3.} 28. Bf1 $36 {[%mdl 2048] White fights for an advantage.} Nd6 {And now ...Bb3 would win.} 29. Qd2 Kh8 $4 {[#] Blunder. Kf8 was best.} (29... Kf8 30. Rb4 Ba8 31. Bc4 Nxc4 32. Rbxc4 Qe6 33. Ra4 Kf7 34. Ra7+ Kg6 35. Qb4) (29... Qe6 $11 {and Black stays safe.}) 30. Rd4 $1 $18 {[%cal Rd4d5][%mdl 512]} Bxd4 31. Qxd4+ Kg8 32. Rd1 Rd8 33. Qxd5 Qxd5 34. Rxd5 {[%mdl 4096] Endgame KRB-KRN} Kf7 {[#]} 35. Bc4 $1 {[%mdl 64] Rxd6+ is the strong threat. Pin} Ke7 36. Bb3 b5 37. Kg2 Rb8 $6 {Inaccuracy. Rd7 was best.} (37... Rd7 38. h4 Kd8 39. h5 h6 40. Kh3 Kc7 41. Re5 Rd8 42. Kh4 Re8 43. Rxe8) 38. Re5+ Kf8 39. Rd5 Rb6 40. Re5 Rb8 41. h3 Rc8 42. Re6 Rd8 43. g4 fxg4 44. hxg4 Rd7 45. Bd5 {White is clearly winning.} b4 46. Bc6 Rd8 47. Bxe4 b3 48. Bd5 {Accuracy: White = 89%, Black = 71%.} 1-0

[Event "Sharjah Master 2024"]
[Site "Shsrjah - Abu Dhabi"]
[Date "2024.05.18"]
[Round "?"]
[White "Niemann, Hans Moke"]
[Black "Sarana, Alexey"]
[Result "1/2-1/2"]
[WhiteElo "2688"]
[BlackElo "2706"]
[PlyCount "32"]
[EventDate "2024.05.14"]
[EventCountry "UAE"]

1. d4 {Stockfish 16.1} Nf6 2. c4 e6 3. Nf3 d5 4. g3 Bb4+ 5. Bd2 Be7 6. Bg2 O-O 7. O-O Nbd7 8. Qc2 c6 9. a4 ({RR} 9. Rc1 a5 10. a3 b6 11. cxd5 cxd5 12. Bf4 Ba6 13. Nc3 Rc8 14. Qa4 Rc4 15. Qd1 b5 16. e3 Qb6 17. Bf1 Rc6 18. a4 b4 19. Nb5 Rfc8 20. Rxc6 Rxc6 21. Rc1 Ne8 22. h4 h6 23. h5 Bb7 {Carlsen,M (2893)-Firouzja,A (2863) Chess.com 2024 [Stockfish 16.1] 1-0 (59)}) 9... a5 10. Rc1 h6 11. Bc3 $146 ({RR} 11. Bf4 Ne4 12. Nc3 g5 13. Be5 g4 14. Ne1 Nxe5 15. dxe5 Ng5 16. Rd1 Qb6 17. cxd5 exd5 18. Bxd5 Nh3+ 19. Kh1 cxd5 20. Nxd5 Qe6 21. Nc7 Qf5 22. Qxf5 Bxf5 23. Kg2 Rad8 24. f3 h5 25. Nd5 Bg5 {Liu,C (2283)-Thybo,J (2542) Svendborg DEN 2024 0-1 (42)}) 11... b6 12. Ne5 Bb7 13. Nxd7 Qxd7 14. Nd2 b5 15. axb5 cxb5 16. cxb5 Qxb5 1/2-1/2

[Event "Sharjah Master 2024"]
[Site "Shsrjah - Abu Dhabi"]
[Date "2024.05.18"]
[Round "?"]
[White "Erigaisi Arjun"]
[Black "Murzin, Volodar"]
[Result "1/2-1/2"]
[WhiteElo "2761"]
[BlackElo "2631"]
[PlyCount "88"]
[EventDate "2024.05.14"]
[EventCountry "UAE"]

1. d4 d5 2. c4 e6 3. Nf3 Nf6 4. Nc3 Be7 5. cxd5 exd5 6. Bf4 O-O 7. e3 c5 8. dxc5 Bxc5 9. Be2 Nc6 10. O-O a6 $146 ({RR} 10... Bg4 11. Rc1 Rc8 12. h3 Bh5 13. Nb5 Qb6 14. a3 a6 15. Nd6 Bxd6 16. Bxd6 Rfd8 17. Bc5 Qc7 18. b4 Ne4 19. Bd4 Qe7 20. Bb2 h6 21. Nd4 Bxe2 22. Nxe2 Ne5 23. Rxc8 Rxc8 24. Qxd5 Nc4 25. Qd4 {Bogaudinov,R (1912)-Kunz,A (2183) chess.com INT 2024 1-0 (61)}) ({RR} 10... Bf5 11. Rc1 Bb6 12. Nb5 Ne4 13. Nbd4 Bd7 14. Nxc6 bxc6 15. Ne5 Qe8 16. h3 f6 17. Nxd7 Qxd7 18. Qa4 Nc5 19. Qc2 a5 20. Rfd1 Qe6 21. b3 f5 22. a3 Rfc8 23. b4 axb4 24. axb4 Ne4 25. Qb3 {Manolache,M (2387)-Veneteanu,M (2026) Bucharest ROU 2024 1-0 (45)}) 11. Rc1 Be6 12. Ne5 d4 13. Na4 Ba7 14. Nxc6 bxc6 15. exd4 Qxd4 16. Qxd4 Bxd4 17. b3 Bd5 18. Rfd1 Ba7 19. Kf1 a5 20. Bc4 $6 {Inaccuracy. Nc3 was best.} (20. Nc3 Be6 21. h3 Rfe8 22. Bf3 Rec8 23. Bd2 h6 24. Be1 Nd7 25. Na4 Ne5) 20... Rfe8 21. h3 Re6 22. Bc7 Rae8 23. Rc2 Ne4 24. Bxd5 cxd5 25. Bxa5 Ng3+ 26. Kg1 Ne2+ 27. Kh1 Bxf2 28. Bc7 h5 29. g4 $2 {Mistake. Nc3 was best.} (29. Nc3) 29... h4 $2 {Mistake. hxg4 was best.} (29... hxg4 30. hxg4 d4 31. Kg2 Bh4 32. Rdd2 Re3 33. Nc5 g5 34. Nd3 R8e4 35. Nf2) 30. Kg2 Bg3 31. Bxg3 hxg3 32. Nc3 Nxc3 33. Rxc3 Re2+ 34. Kxg3 Rxa2 35. Rdd3 d4 36. Rxd4 Rb8 37. Rd5 Kh7 38. Rf3 (38. Rcd3) 38... Rb2 39. Rdd3 Rb4 40. Kh4 f6 41. Kg3 Kg6 42. Rc3 Kh7 43. Rfe3 Kg6 44. Red3 Kh6 1/2-1/2